000 00578nam a2200181Ia 4500
003 GCL
008 140319s9999 xx 000 0 ara d
040 _aGCL /
_cGCL
082 0 4 _a953.02
_bع ع
100 1 _aعمر فروخ (ترجمة)
245 1 0 _aالعرب والاسلام فى الحوض الشرقى من البحر الابيض المتوسط /
_cعمر فروخ (ترجمة)
300 _a175
490 _a100 قصة
_v0
650 0 4 _aتاريخ
650 0 4 _aالفتوحات الاسلامية
650 0 4 _aالخلفاء الراشدون
942 _2ddc
_cBK
999 _c43448
_d43448